000 00629nam a2200253Ia 4500
008 190123s9999 xx 000 0 und d
020 _a9780545727655
050 _bB274 2012
100 _aBarretta, Gene
245 0 _aTimeless Thomas :
245 0 _bhow Thomas Edisin changed our lives /
245 0 _cby Gene Barretta.
260 _aNew York, New York :
260 _bScholastic,
260 _c2012
300 _a37 pages :
300 _bcolored illustrations ;
300 _c22cm.
500 _a900L
650 _aEdison, Thomas A.
650 _aInventions --
650 _xHistory.
700 _aTitle.
999 _c361219
_d361219